Statistics for Paris Arrondissements

Click here to take the quiz!

General Stats

  • This quiz has been taken 123 times
  • The average score is 10 of 23

Answers on the Map

Answers color-coded by a green-red scale on the quiz's map according to % correct below.
 

Answer Stats

NumberArrondissement% Correct
IeLouvre
77%
boisBois De Boulogne
63%
boisBois De Vincennes
61%
rivièreLa Seine
53%
VIeLuxembourg
50%
IIeBourse
48%
IXeOpéra
47%
VIIIeÉlysée
45%
IVeHôtel de Ville
45%
VIIePalais Bourbon
44%
VePanthéon
44%
IIIeTemple
44%
XVeVaugirard
42%
XIXeButtes-Chaumont
41%
XIVeObservatoire
41%
XIIeReuilly
41%
XVIIIeButte-Montmartre
39%
XIIIeGobelins
39%
XXeMénilmontant
39%
XVIePassy
39%
XeEntrepôt
36%
XIePopincourt
34%
XVIIeBatignolles-Monceau
31%

Score Distribution

Percentile by Number Answered

Percent of People with Each Score

Your Score History

You have not taken this quiz